00277nam a2200109Ia 4500008004100000100001800041245004000059250001200099260003000111300000800141650001800149191201s2006 xx 000 0 und d aTRACY, Eileen 4aThe Student's Guide to Exam Success a1st Rep aN.DelhibViva Booksc2006 a184 aGeneral Books